| 000 | 00652nam a2200229 a 4500 | ||
|---|---|---|---|
| 003 | PILC | ||
| 005 | 20160202122049.0 | ||
| 008 | 060905s19uu xx 00 eng d | ||
| 020 | _a0335216803 | ||
| 050 |
_aBF 39 _b.G725 2006 |
||
| 100 | _aGreene, Judith. | ||
| 245 |
_aLearning to use statistical tests in psychology / _cJudith Greene. |
||
| 250 | _a3rd edition. | ||
| 260 |
_aNew York : _bOpen University Press, _c2006. |
||
| 300 |
_a209 pages ; _c24 cm. |
||
| 500 | _aIncludes index. | ||
| 650 | _aPsychometrics. | ||
| 650 |
_aPsychology _xStatistical methods. |
||
| 700 | _aD'Oliveira, Manuela | ||
| 942 |
_cBK _2lcc _kFOR |
||
| 999 |
_c21641 _d21641 |
||